000
00301nam a2200121Ia 4500
008
140130s9999 xx 000 0 und d
245
_c
Davis, Kenneth
_a
Don't know much about Dinosaurs
260
_b
Scholastic,
_c
2004
440
_v
1
521
_a
Grade 7 - Grade 12
942
_c
BK
999
_c
41331
_d
41331